| 000 | 00656 a2200169 4500 | ||
|---|---|---|---|
| 003 | NUST | ||
| 038 | _aWaseem | ||
| 082 | _a621.3 | ||
| 100 |
_aAsim Saleem _992159 |
||
| 245 |
_aImplementation of open source GSM BTS that interfaces GSM terminals with voip/pstn networks _cAsim Saleem & Abdullah Khan Wazir |
||
| 260 |
_aIslamabad : _bNUST School of Electrical Engineering & Computer Science, _c2010. |
||
| 300 |
_axi, 77 p. : _bill. ; _c27 cm. + _e1CD ROM |
||
| 500 | _aSupervisors : Dr. Junaid Qadir, Dr. Adeel Baig. | ||
| 700 |
_aAbdullah Khan Wazir _992160 |
||
| 856 | _uhttp://10.250.8.41:8080/xmlui/handle/123456789/28725 | ||
| 942 |
_cPR _kBEE-3 ASI _2ddc |
||
| 999 |
_c10220 _d10220 |
||